| 000 | 01051nas a2200325 4500 | ||
|---|---|---|---|
| 001 | BR2012000854 | ||
| 003 | BR-BrBNA | ||
| 005 | 20231205120128.0 | ||
| 007 | ta | ||
| 008 | 230509b bl.|||p| |||| 00| 00por d | ||
| 040 |
_aBR-BrBNA _bpor _cBiblioteca Nacional de Agricultura |
||
| 041 | _a(En) | ||
| 072 | _aQ02 | ||
| 100 | 1 | _aBortolotto, R.P. | |
| 100 | 1 | _aBruno, I.P. | |
| 100 | 1 | _aDourado Neto, D. | |
| 100 | 1 | _aTimm, L.C. | |
| 100 | 1 | _aSilva, A.N. da | |
| 100 | 1 | _aReichardi, K. | |
| 245 | 1 | _aSoil profile internal drainage for a central pivot fertigated coffee crop | |
| 246 | 1 | _aSoil profile internal drainage for a central pivot fertigated coffee crop | |
| 650 | _aCAFÉ | ||
| 650 | _aFERTIRRIGAÇÃO | ||
| 650 | _aEVAPOTRANSPIRAÇÃO | ||
| 650 | _aDRENAGEM | ||
| 773 | 0 |
_tRevista Ceres (Brazil) _xISSN 0034-737X _g(Nov-Dec 2011), v. 58(6) p. 723-728 _wBR2012000854 |
|
| 856 | 4 |
_uhttp://www.scielo.br/pdf/rceres/v58n6/07.pdf _yRecurso eletrônico (PDF) |
|
| 909 |
_a202311 _bLúcia _c55 _dLúcia Elande |
||
| 942 |
_2AGRIS _n0 _cANA |
||
| 999 |
_c217150 _d217150 |
||